| 000 | 00652nam a2200193Ia 4500 | ||
|---|---|---|---|
| 008 | 190511s9999 xx 000 0 und d | ||
| 100 | _aPeterson, Sarah J. | ||
| 245 | _aPersonality and learning predictors of adolescent alcohol consumption trajectories / | ||
| 245 | _cSarah J. Peterson, Heather A. Davis, and Gregory T. Smith.-- | ||
| 260 | _bAmerican Psychological Association | ||
| 260 | _c2018 | ||
| 300 | _aPages 482-495, July 2018 | ||
| 440 |
_aJournal of Abnormal Psychology _v127(5) |
||
| 650 | _aDrinking | ||
| 650 | _aEarly adolescence | ||
| 650 | _aLongitudinal | ||
| 650 | _aTrajectory | ||
| 856 | _uwww.apa.org/pubs/journals/abn | ||
| 999 |
_c361844 _d361844 |
||